Serhumano

Kaydedildi:
Detaylı Bibliyografya
Yazar: Ovalle Vergara, Pilar (autora)
Materyal Türü: Kitap
Dil:İspanyolca
Baskı/Yayın Bilgisi: Santiago Patricia Ready Galería 2012
Edisyon:1a. ed
Konular:
Etiketler: Etiketle
Etiket eklenmemiş, İlk siz ekleyin!

MARC

LEADER 00000cam a2200000 a 4500
001 UCC4645
003 CL-VaPUC
008 180817e20120000cl |||||||||||||||||spa|d
082 0 4 |a 730.983  |b OVA  |2 21 
100 |a Ovalle Vergara, Pilar  |e autora  |9 598862 
245 1 0 |a Serhumano 
250 |a 1a. ed 
300 |a 32 p 
942 |c BK 
945 |d 20180817 12:57:00  |a dcastane 
260 |a Santiago  |b Patricia Ready Galería  |c 2012 
650 0 |a Arte contemporáneo chileno  |9 464579 
650 0 |a Esculturas  |9 344688 
650 0 |a Madera  |9 262357 
583 |a last modification  |c 20180817 12:57:00  |k Rodrigo Vera 
999 |c 372097  |d 372095 
952 |0 0  |1 0  |3 erb  |4 0  |6 730_983000000000000_OVA_2012  |7 0  |8 R  |9 489361  |a BIBART  |b BIBART  |i 5488168  |o 730.983 OVA 2012  |p 5488168  |r 2025-03-13  |w 2019-11-24  |y BK_R  |z Catalogado en:20180817  |k ART